| 000 | 00790nam a22002417a 4500 | ||
|---|---|---|---|
| 003 | BD-DhUL | ||
| 005 | 20220905144859.0 | ||
| 008 | 220724s2012 le ||||| |||| 00| 0 ara | ||
| 020 | _a995344661X. | ||
| 040 |
_aBD-DhUL _cBD-DhUL |
||
| 082 |
_a892.71 _bIBD |
||
| 100 | 3 |
_aابن هانئ الأندلسي۔ _q[Ibn Hānī al-Andalusī]. |
|
| 245 | 0 | 0 |
_aديوان ابن هانئ الأندلسي (٣٢٦-٣٦٢ ھ) / _cابن هانئ الأندلسي۔ |
| 246 | _aDīwān Ibn Hānī al-Andalusī (326-362 Hijri) | ||
| 250 | _a٢ ط۔ | ||
| 260 |
_aبیروت : _bدار المعرفة، _c٠١٢ ٢. |
||
| 300 |
_aص۔ ٣٤٨ ؛ _c ٢٢ سم۔ |
||
| 365 |
_aIRS. _b690.00 |
||
| 650 | 4 | _aArabic poetry. | |
| 650 | 4 | _aPoetry. | |
| 650 | 4 | _aArabic literature. | |
| 942 |
_2ddc _cBK |
||
| 999 |
_c256619 _d256619 |
||